<?xml version="1.0" encoding="UTF-8"?>
<record
    xmlns:xsi="http://www.w3.org/2001/XMLSchema-instance"
    xsi:schemaLocation="http://www.loc.gov/MARC21/slim http://www.loc.gov/standards/marcxml/schema/MARC21slim.xsd"
    xmlns="http://www.loc.gov/MARC21/slim">

  <leader>01299nam a2200193 a 4500</leader>
  <controlfield tag="001">000024072</controlfield>
  <controlfield tag="005">20200930022708.0</controlfield>
  <controlfield tag="008">110118s2005    ec a    r     000 | spa d</controlfield>
  <datafield tag="020" ind1=" " ind2=" ">
    <subfield code="a">9978872612</subfield>
  </datafield>
  <datafield tag="040" ind1=" " ind2=" ">
    <subfield code="a">DO-SdBNP</subfield>
    <subfield code="b">spa</subfield>
    <subfield code="c">BNPHU</subfield>
  </datafield>
  <datafield tag="082" ind1=" " ind2=" ">
    <subfield code="a">xxx</subfield>
    <subfield code="b">M636</subfield>
  </datafield>
  <datafield tag="245" ind1="1" ind2="0">
    <subfield code="a">Migrantes :</subfield>
    <subfield code="b">problemas y ayudas /</subfield>
    <subfield code="c">edici&#xF3;n de Javier Ponce Leiva.</subfield>
  </datafield>
  <datafield tag="260" ind1=" " ind2=" ">
    <subfield code="a">Quito, Ecuador :</subfield>
    <subfield code="b">El Conej&#xF3;,</subfield>
    <subfield code="c">2005.</subfield>
  </datafield>
  <datafield tag="300" ind1=" " ind2=" ">
    <subfield code="a">279 p. :</subfield>
    <subfield code="b">il. ;</subfield>
    <subfield code="c">21 cm.</subfield>
  </datafield>
  <datafield tag="500" ind1=" " ind2=" ">
    <subfield code="a">Incluye notas al pie de p&#xE1;ginas</subfield>
  </datafield>
  <datafield tag="505" ind1="0" ind2=" ">
    <subfield code="t">Estudio introductorio /</subfield>
    <subfield code="r">Javier Ponce Leiva</subfield>
    <subfield code="t">Los mecanismos internacionales de protecci&#xF3;n de los derechos inmigrantes /</subfield>
    <subfield code="r">Bol&#xED;var Torres</subfield>
    <subfield code="t">El plan nacional de apoyo a los emigrantes y sus familias /</subfield>
    <subfield code="r">Patricia Borja</subfield>
    <subfield code="t">La inmigraci&#xF3;n ecuatoriana en Espa&#xF1;a: nuevas vidas nuevos problemas /</subfield>
    <subfield code="r">Pilar Ponce</subfield>
    <subfield code="t">El plan Bush para las migraciones /</subfield>
    <subfield code="r">Ver&#xF3;nica Aguilar</subfield>
    <subfield code="t">Rese&#xF1;a hist&#xF3;rica de la migraci&#xF3;n ecuatoriana a Alemania /</subfield>
    <subfield code="r">Xavier Bustamante</subfield>
    <subfield code="t">La migraci&#xF3;n ecuatoriana en los pa&#xED;ses de tr&#xE1;nsito de Centroam&#xE9;rica /</subfield>
    <subfield code="r">Julia Alarc&#xF3;n</subfield>
    <subfield code="t">La acci&#xF3;n de la ong y asociaciones de emigrantes en ecuador /</subfield>
    <subfield code="r">Miriam Esparza</subfield>
    <subfield code="t">El impacto del fen&#xF3;meno de los desplazados, solicitantes de refugio y refugiados colombianos en el ecuador /</subfield>
    <subfield code="r">Santiago Mart&#xED;nez</subfield>
  </datafield>
  <datafield tag="700" ind1="1" ind2=" ">
    <subfield code="a">Ponce Leiva, Javier</subfield>
    <subfield code="b">ed.</subfield>
    <subfield code="9">49459</subfield>
  </datafield>
  <datafield tag="049" ind1=" " ind2=" ">
    <subfield code="a">BNGR</subfield>
  </datafield>
  <datafield tag="952" ind1=" " ind2=" ">
    <subfield code="0">0</subfield>
    <subfield code="1">0</subfield>
    <subfield code="5">0</subfield>
    <subfield code="7">1</subfield>
    <subfield code="8">MO</subfield>
    <subfield code="a">GR</subfield>
    <subfield code="b">GR</subfield>
    <subfield code="c">CT</subfield>
    <subfield code="d">2011-01-18</subfield>
    <subfield code="i">LF1</subfield>
    <subfield code="l">0</subfield>
    <subfield code="o">xxx M636</subfield>
    <subfield code="p">24072-10</subfield>
    <subfield code="r">2020-06-25</subfield>
    <subfield code="w">2020-06-25</subfield>
    <subfield code="y">1</subfield>
    <subfield code="Z">No se presta</subfield>
  </datafield>
  <datafield tag="999" ind1=" " ind2=" ">
    <subfield code="c">23567</subfield>
    <subfield code="d">23567</subfield>
  </datafield>
</record>
